000 00667nam a22002177a 4500
003 OSt
005 20140310181736.0
008 130320t xxu||||| |||| 00| 0 eng d
020 _a0873532805
050 _aQA 135.5
_b.P964 1990
082 _aTR 372.7
_bP73 1990
100 _aTrowell, Judith (editor)
_9358
245 _aProject to enrich school mathematics
_blevel 1
_cJudith M. Trowell
260 _aVirginia:
_bNational Council of Teachers of Mathematics,
_cc1990.
300 _av, 168p.:
_bill. :
_c28 cm.
521 _aFaculty
541 _j1
562 _e1
650 _aMathematics--Study and teaching (Elementary)
942 _2lcc
_cBK-TR
_kTR
999 _c2582
_d2582